Integrating Statistical, Machine Learning, and Deep Learning Approaches for Predicting Hydrological Extremes in Slovak River Basins

Saved in:
Bibliographic Details
Main Author: Almikaeel, Wael (Author)
Other Authors: Šoltész, Andrej (Thesis advisor)
Format: Manuscript Book
Language:Slovak
English
Published: 2025
Subjects:
Online Access:http://is.stuba.sk/zp/portal_zp.pl?podrobnosti=171340
Tags: Add Tag
No Tags, Be the first to tag this record!

MARC

LEADER 00000ntm a22000003a 4500
001 stuzp86573
003 SK-STU
005 20250830210347.8
007 ta
008 150427s2015----xo-----f-mn---000-0-slo-d
040 |a STU  |b slo 
041 0 |a eng 
100 1 |a Almikaeel, Wael  |u 010170  |4 aut  |U SvF Stavebná fakulta  |T SvF Katedra hydrotechniky  |X 105584  |U V170  |Y 17  |7 105584 
242 0 1 |a Integrácia štatistických prístupov, strojového učenia a hlbokého učenia pre predikciu hydrologických extrémov v slovenských riečnych povodiach  |y slo 
245 1 0 |a Integrating Statistical, Machine Learning, and Deep Learning Approaches for Predicting Hydrological Extremes in Slovak River Basins 
260 |c 2025 
650 4 |a Hlboké učenie  |2 slo 
650 4 |a Hydrologické predpovedanie  |2 slo 
650 4 |a Strojové učenie  |2 slo 
650 4 |a Predpovedanie sucha  |2 slo 
650 4 |a Predpovedanie povodní  |2 slo 
650 4 |a Machine Learning  |2 eng 
650 4 |a Hydrological Forecasting  |2 eng 
650 4 |a Deep Learning  |2 eng 
650 4 |a Flood Prediction  |2 eng 
650 4 |a Drought Prediction  |2 eng 
700 1 |a Šoltész, Andrej  |u 010170  |k Z1  |4 ths  |U SvF Stavebná fakulta  |T SvF Katedra hydrotechniky  |X 645  |U V170  |Y 17  |7 A000000645 
856 4 |u http://is.stuba.sk/zp/portal_zp.pl?podrobnosti=171340